Выбор типа конечных элементов при расчёте цилиндров гидростоек; Инновационные технологии и экономика в машиностроении

Bibliographic Details
Parent link:Инновационные технологии и экономика в машиностроении.— 2008.— С. 443-446
Main Author: Буялич Г. Д. Геннадий Даниилович
Other Authors: Воеводин В. В., Буялич К. Г.
Language:Russian
Published: 2008
Subjects:
Format: MixedMaterials Book Chapter
KOHA link:https://koha.lib.tpu.ru/cgi-bin/koha/opac-detail.pl?biblionumber=162062

MARC

LEADER 00000naa2a2200000 4500
001 162062
005 20231031160200.0
035 |a (RuTPU)RU\TPU\book\175743 
090 |a 162062 
100 |a 20090617d2008 k y0rusy50 ca 
101 0 |a rus 
102 |a RU 
200 1 |a Выбор типа конечных элементов при расчёте цилиндров гидростоек  |f Г. Д. Буялич, В. В. Воеводин, К. Г. Буялич 
320 |a Библиогр.: 5 назв. 
463 0 |0 (RuTPU)RU\TPU\book\164827  |t Инновационные технологии и экономика в машиностроении  |o труды VI Всероссийской научно-практической конференции с международным участием, 15-16 мая 2008 года, Юрга  |f Томский политехнический университет (ТПУ), Юргинский технологический институт (ЮТИ)  |v С. 443-446  |d 2008  |p 479 с. 
610 1 |a гидростойки 
610 1 |a конечные элементы 
610 1 |a горные машины 
610 1 |a цилиндры 
610 1 |a расчёт 
610 1 |a труды учёных ТПУ 
700 1 |a Буялич  |b Г. Д.  |c профессор, доктор технических наук  |c Юргинский технологический институт (филиал) Томского политехнического университета  |g Геннадий Даниилович  |2 stltpush  |3 (RuTPU)RU\TPU\pers\24290 
701 1 |a Воеводин  |b В. В. 
701 1 |a Буялич  |b К. Г. 
801 1 |a RU  |b 63413507  |c 20090617  |g PSBO 
942 |c BK